| 000 | 00519nam a22001457a 4500 | ||
|---|---|---|---|
| 020 | _a 0471647691 | ||
| 082 | _a280 SCB | ||
| 100 |
_aJames F. Reda, Stewart Reifler, Laura G. Thatcher. _969255 |
||
| 245 | _aCompensation committee handbook | ||
| 250 | _a2nd ed | ||
| 260 |
_aHoboken, N.J _b Wiley _c2005 |
||
| 300 |
_a463 p _b xvi, 24 cm |
||
| 650 |
_aCompensation management -- United States -- Handbooks, manuals, etc | Wages -- Law and legislation -- United States -- Handbooks, manuals, etc _969256 |
||
| 942 | _cBK | ||
| 999 |
_c576624 _d576624 |
||